Countries of the Aegean Sea during the Latin Empire (1204) on a map - Statistics

General Stats
  • This quiz has been taken 16 times
  • The average score is 4 of 8
Answers on the Map
Answers color-coded by a green-red scale on the quiz's map according to % correct below.
 
Answer Stats
Answer % Correct
Venice
100%
Cyprus/Tripoli/Antioch
85%
Latin Empire
77%
Trebizond
62%
Rum-Sultanate
54%
Nikaia
46%
Ayyubids
15%
Armenian Kingdom of Cilicia
0%
No matching quizzes found
Score Distribution
Percent of People with Each Score
Percentile by Number Answered
Your Score History
You have not taken this quiz